| 000 | 00365nam a2200133Ia 4500 | ||
|---|---|---|---|
| 008 | 230312s9999||||xx |||||||||||||| ||und|| | ||
| 082 |
_a891.4 _bRAF-S |
||
| 100 | _aرفیع الدّین ذکی قریشی اشرفی | ||
| 245 | 0 | _aصریرِ خامہ مدحت طراز | |
| 260 |
_bAlmadina _apak _c2004 |
||
| 300 | _a160 | ||
| 650 | _aUrdu Literature | ||
| 942 | _cBK | ||
| 999 |
_c13467 _d13467 |
||